Countries in Code - Statistics

General Stats
  • This quiz has been taken 79 times
  • The average score is 5 of 20
Answer Stats
Code Country % Correct
Cuba
53%
China
43%
Argentina
39%
Equatorial Guinea
33%
Kenya
33%
Palau
33%
Guatemala
31%
Qatar
31%
Indonesia
29%
Russia
27%
New Zealand
25%
Paraguay
24%
Saint Kitts and Nevis
24%
Liberia
22%
Norway
22%
Saudi Arabia
22%
Turkmenistan
14%
United Kingdom
14%
Vietnam
14%
Switzerland
12%
No matching quizzes found
Score Distribution
Percent of People with Each Score
Percentile by Number Answered
Your Score History
You have not taken this quiz